• 首页
  • 本馆介绍
  • 公告通知
  • 最新文献
  • 馆藏检索
  • 电子资源
  • 读者导购
  • 参考咨询
  • 我的图书馆
  • 登录
  • 详细信息显示
  • 放入我的书架
  • 预约/预借图书
  • 作者相关作品
  • 分类相关作品
  • 丛书相关作品
  • 出版社相关作品

书目信息

  • 表格格式
  • 工作单格式
  • 卡片格式
题名:
植物源性食品中农药最大残留限量查询手册
    
 
作者: 欧阳喜辉 , 刘伟 主编
分册:  
出版信息: 北京   中国农业出版社  2018
页数: 461页
开本: 26cm
丛书名: 基层农产品质量安全检测人员指导用书
单 册:
中图分类: R155.5-62 , TS207.5-62
科图分类:
主题词: 食品--shi pin--农药允许残留量--中国--手册
电子资源:
ISBN: 978-7-109-24079-7
000 01172nam 2200301 450
001 012001002798
005 20131015162254.0
010    @a978-7-109-24079-7@dCNY160.00
099    @aCAL 012018184773
100    @a20181129d2018 em y0chiy50 ea
101 0  @achi
102    @aCN@b110000
105    @ak z 001yy
106    @ar
200 1  @a植物源性食品中农药最大残留限量查询手册@Azhi wu yuan xing shi pin zhong nong yao zui da can liu xian liang cha xun shou ce@e2018版@f欧阳喜辉, 刘伟主编
210    @a北京@c中国农业出版社@d2018
215    @a461页@d26cm
225 2  @a基层农产品质量安全检测人员指导用书@Aji ceng nong chan pin zhi liang an quan jian ce ren yuan zhi dao yong shu
320    @a有索引
330    @a本书包括谷物类、油料作物类、蔬菜类、水果类、糖料类、饮料类、食用菌类、调味料类、药用植物类共9类、200个植物源性食品品种。
410  0 @12001 @a基层农产品质量安全检测人员指导用书
606 0  @a食品@Ashi pin@x农药允许残留量@y中国@j手册
690    @aR155.5-62@v5
690    @aTS207.5-62@v5
701  0 @a欧阳喜辉@Aou yang xi hui@4主编
701  0 @a刘伟@Aliu wei@4主编
801  0 @aCN@b北京卓展@c20191020
905    @b1205839-42@dR155.5-62@e137@f4
    
    植物源性食品中农药最大残留限量查询手册:2018版/欧阳喜辉, 刘伟主编.-北京:中国农业出版社,2018
    461页;26cm.-(基层农产品质量安全检测人员指导用书)
    
    
    ISBN 978-7-109-24079-7:CNY160.00
    本书包括谷物类、油料作物类、蔬菜类、水果类、糖料类、饮料类、食用菌类、调味料类、药用植物类共9类、200个植物源性食品品种。
●
相关链接 在E读中查询图书 在五车中查询图书 在当当中查询图书 在豆瓣中查询图书


正题名:植物源性食品中农药最大残留限量查询手册     索取号:R155.5-62/137         预约/预借

序号 登录号 条形码 馆藏地/架位号 状态 备注
1 1205839   212058397   第二样本阅览室/ [索取号:R155.5-62/137] 在馆    
2 1205840   212058404   第三借阅区/ [索取号:R155.5-62/137] 在馆    
3 1205841   212058413   第三借阅区/ [索取号:R155.5-62/137] 在馆    
4 1205842   212058422   第三借阅区/ [索取号:R155.5-62/137] 在馆    
唐山师范学院图书馆 欢迎您!
大连网信软件有限公司© 版权所有